Movies Quiz

Random Movies or Actor Quiz

3 Movie Threesomes Quiz Stats

 Plays Quiz not verified by Sporcle

Challenge
Share
Tweet
Embed
Score 0/9 Timer 01:30
0 Plays Today
Hint Answer % Correct
'Three Men and a Baby' Lead ActorsTom Selleck
78%
'Three Men and a Baby' Lead ActorsTed Danson
71%
'Three Men and a Baby' Lead ActorsSteve Guttenberg
58.2%
Movies in the Man with No Name TrilogyThe Good, the Bad, and the Ugly
58.2%
Movies in the Man with No Name TrilogyA Fistful of Dollars
47.6%
Movies in the Man with No Name TrilogyFor a Few Dollars More
45.5%
Movies that Won the Top 5 Oscars*The Silence of the Lambs
33.6%
Movies that Won the Top 5 Oscars*One Flew Over the Cuckoo's Nest
24.3%
Movies that Won the Top 5 Oscars*It Happened One Night
22.1%

You're not logged in!

Compare scores with friends on all Sporcle quizzes.
Join for Free
OR
Log In

You Might Also Like...

Show Comments

Extras

Top Quizzes Today


Score Distribution

Your Account Isn't Verified!

In order to create a playlist on Sporcle, you need to verify the email address you used during registration. Go to your Sporcle Settings to finish the process.

Report this User

Report this user for behavior that violates our Community Guidelines.

Details: